Relieves nativos. Leyendas araucanas
Guardat en:
| Autor principal: | |
|---|---|
| Format: | Llibre |
| Idioma: | espanyol |
| Publicat: |
Santiago
Imprenta Universitaria
1918
|
| Edició: | 1a. ed |
| Matèries: | |
| Etiquetes: |
Afegir etiqueta
Sense etiquetes, Sigues el primer a etiquetar aquest registre!
|
MARC
| LEADER | 00000nam a2200000 a 4500 | ||
|---|---|---|---|
| 001 | UCJ7362 | ||
| 003 | CL-VaPUC | ||
| 008 | 070124e19180000CL |||||||||||||||||spa|d | ||
| 082 | 0 | 4 | |a Ch863 |b FIG |2 21 |
| 100 | 0 | |a Figueroa, Pedro Pablo |e author |9 504749 | |
| 245 | 1 | 0 | |a Relieves nativos. Leyendas araucanas |
| 250 | |a 1a. ed | ||
| 300 | |a 93 p | ||
| 942 | |c BK | ||
| 945 | |d 20070124 00:00:00 |a rinostro | ||
| 260 | |a Santiago |b Imprenta Universitaria |c 1918 | ||
| 500 | |a Retrato del autor y Aquiles I, rey de la Araucanía.- Ilustraciones sin indizar | ||
| 500 | |a Ilustraciones de los artistas Subercaseaux, Rebolledo Correa, Fortuny, Figueroa y Délano | ||
| 600 | 0 | 7 | |a DELANO, JORGE |2 CL-VaPUC |9 438783 |
| 600 | 0 | 7 | |a SUBERCASEAUX, PEDRO |2 CL-VaPUC |9 504928 |
| 600 | 0 | 7 | |a PINOLEVI, JUAN |2 CL-VaPUC |9 515697 |
| 600 | 0 | 7 | |a FIGUEROA, RAUL |2 CL-VaPUC |9 515698 |
| 600 | 0 | 7 | |a JARA KALBUM, SEGUNDO |2 CL-VaPUC |9 515699 |
| 650 | 0 | |a Araucanos |9 314060 | |
| 650 | 7 | |a LEYENDAS |2 CL-VaPUC |9 265258 | |
| 650 | 0 | |a Guerra de Arauco |9 267618 | |
| 650 | 0 | |a Iconografía |9 267998 | |
| 650 | 0 | |a Ilustraciones |9 369481 | |
| 583 | |a last modification |c 20070124 00:00:00 |k Rodrigo Vera | ||
| 999 | |c 323454 |d 323452 | ||
| 952 | |0 0 |1 0 |4 0 |6 CH_863_000000000000000_FIG_1918 |7 0 |8 X |9 403034 |a FDOBUD |b FDOBUD |d 2019-11-22 |i 1062115 |o Ch863 FIG 1918 |p 1062115 |r 2019-11-22 |w 2019-11-22 |y BK_X |k BUD | ||